000 00555nam a22002177a 4500
999 _c4075
_d4075
001 4075
003 BD-JhCC
005 20171122190749.0
008 171122s1968 -ukac||| |||| 000 0 eng d
035 _a(BD-JhCC)4075
040 _aBD-JhCC
_dBD-JhCC
041 _aeng
082 _a690.8373
_bMCC 1968
100 _aMcClure, Michael
245 _aBuilding a House /
_cMichael McClure
260 _aLondon :
_bOxford University Press ;
_c1968.
300 _a32 p. :
_bill. ;
_c20 cm.
650 _aHouse Construction
942 _2ddc
_cBK